000 00619nam a2200241Ia 4500
003 OSt
005 20220924145734.0
006 a|||||r|||| 00| 0
007 ta
008 220923b |||||||| |||| 00| 0 tel d
020 _c10.00
024 _a330009
037 _cTextual
040 _aARTS
_cARTS
_btel
041 _2tel
_atel
082 _aO15,1A2:g, 35L9
100 _aAppalaswamy Purinpanda
_9220446
245 0 _aPuripanda bharatam
260 _c1979
650 _aSANSKRIT LITERATURE
942 _hO15,1A2:g, 35L9
_cTEXL
_2CC
999 _c460997
_d460997